| 000 | 01476cam a2200349 a 4500 | ||
|---|---|---|---|
| 001 | 15727324 | ||
| 005 | 20161125122749.0 | ||
| 007 | co |g||||||||| | ||
| 008 | 090506s2009 nyua 001 0 eng | ||
| 010 | _a 2009019126 | ||
| 015 |
_aGBA914645 _2bnb |
||
| 016 | 7 |
_a014903235 _2Uk |
|
| 020 | _a9780071614832 (alk. paper) | ||
| 020 | _a0071614834 (alk. paper) | ||
| 035 | _a(OCoLC)ocn305146457 | ||
| 040 |
_aDLC _beng _cDLC _dYDX _dBTCTA _dBAKER _dYDXCP _dUKM _dVP@ _dDLC |
||
| 050 | 0 | 0 |
_aTK5105.5 _b.M49 2009 |
| 082 | 0 | 0 |
_a004.6076 _222 |
| 100 | 1 |
_aMeyers, Mike, _d1961- |
|
| 245 | 1 | 0 |
_aMike Meyers' CompTIA network+ : _bguide to managing and troubleshooting networks / _cMike Meyers. |
| 246 | 3 | 0 | _aCompTIA network+ |
| 250 | _a2nd ed. | ||
| 260 |
_aNew York : _bMcGraw-Hill, _cc2009. |
||
| 300 |
_axix, 570 p. : _bcol. ill. ; _c28 cm. + _e1 CD-ROM (4 3/4 in.) |
||
| 538 | _aSystem requirements: Windows 98 or higher, Internet Explorer 5.5 or higher or Firefox with Flash Player, and 30 MB of hard disk space. | ||
| 650 | 0 |
_aComputer networks _xExaminations _vStudy guides. |
|
| 650 | 0 |
_aTelecommunications engineers _xCertification. |
|
| 650 | 0 |
_aElectronic data processing personnel _xCertification. |
|
| 906 |
_a7 _bcbc _corignew _d1 _eecip _f20 _gy-gencatlg |
||
| 942 |
_2lcc _cBK |
||
| 999 |
_c47461 _d47461 |
||